000
00255nam a2200109Ia 4500
008
190216s9999||||xx |||||||||||||| ||und||
100
_a
Gandhi Mk
245
4
_a
The Gospll Of Swadeshi
260
_b
Bharatiya Vidya Bhavan
650
_a
English
942
_c
BK
999
_c
12070
_d
12070